000 01093cam a22003257a 4500
003 CHAP
005 20220329142410.0
008 001122d2000 mx ad r 00110 esp d
010 _a82910
011 _a83882
020 _a9701502841
035 _a94401
040 _cCHAP
082 0 4 _a540
_bG33
100 0 0 _aGarcía Pérez, J. A.
_946453
245 1 0 _aQuímica:
_bteoría y problemas
_c/por J. A. García Pérez [y otros]
260 _aMéxico D.F. :
_bAlfaomega,
_c2000
300 _a418 p. :
_bilus. ; gráfs. ; tablas
590 _aBATCH-UPD
_b10
_c20130110
_lUCH01
_h0410
590 _aBATCH-UPD
_b10
_c20130410
_lUCH01
_h0044
590 _aBATCH-UPD
_b10
_c20130914
_lUCH01
_h1530
590 _aCONVERSION
_b10
_c20130109
_lUCH01
_h1346
650 1 4 _aQuímica.
_993552
650 1 4 _aQuímica
_xEstudio y enseñanza.
_993559
901 _aBK
905 _aMarco A. Mendoza T.
942 _cLIBRO
949 _a540 G33
_bBC
_cLIBRO
_d33724000822573
_eLIBRO
_fc.2
_gI.211041
_h99653
_i94401
_so
_t$151.20
949 _a540 G33
_bBC
_cLIBRO
_d33724000919973
_eLIBRO
_gI.208356
_h99132
_i94401
_si
_t$142.80
999 _c82910
_d82910